000 00539nam a2200169Ia 4500
999 _c11599
_d11599
003 OSt
005 20201117130236.0
008 190216s9999||||xx |||||||||||||| ||und||
040 _coclc
082 _a494.8
_bCAL/C
100 _aCaldwell, Robert
_96680
245 0 _aA Comparative Grammar Of The Dravidian :
_bSouth Indian Family Of Languages /
_cRobert Caldwell
260 _bUniversity Of Madras,
_c1961.
_aMadras:
300 _a644p
650 _aEnglish Stories
942 _cBK
_2ddc
_h494.8
_iCAL/C
_k494.8
_mCAL/C